000
00309nam a22001337a 4500
008
170202b xxu||||| |||| 00| 0 eng d
020
_a
9780071417433
041
_a
eng
080
_a
61
100
_a
3
101
_a
SHM
245
_a
2004 CURRENT MEDICALDIAGNOSIS & TREATMENT
_c
TIERNEY, L.M
942
_2
udc
_c
BK
999
_c
4263
_d
4263